Asterix entre os belgas / (Record no. 314)

MARC details
000 -LÍDER
campo de controle de tamanho fixo 01073nam a2200337 4500
001 - NÚMERO DE CONTROLE
campo de controle 314
003 - IDENTIFICADOR DO NÚMERO DE CONTROLE
campo de controle OSt
005 - DATA E HORÁRIO DA ÚLTIMA TRANSAÇÃO
campo de controle 20250325114359.0
008 - CAMPO DE DADOS FIXOS--INFORMAÇÃO GERAL
campo de controle de tamanho fixo 250325b |||||||j |||| 00| 1 eng d
020 ## - ISBN - INTERNATIONAL STANDARD BOOK NUMBER
ISBN - International Standard Book Number 8501023027
040 ## - FONTE DA CATALOGAÇÃO
Idioma da catalogação por
041 ## - CÓDIGO DE IDIOMA
Código do idioma do original e/ou traduções intermediárias do texto fre
Código do idioma do texto/trilha sonora ou título diferente por
082 ## - CDD - CLASSIFICAÇÃO DECIMAL DE DEWEY
Número de Classificação 028.5
Número do exemplar G676a
100 1# - ENTRADA PRINCIPAL--NOME PESSOAL
Nome pessoal Goscinny, René
Datas associadas ao nome 1926-1977.
9 (RLIN) 625
240 ## - TÍTULO UNIFORME
Título uniforme Astérix chez les belges
245 ## - TÍTULO
Título Asterix entre os belgas /
Indicação de responsabilidade, etc. Goscinny, René ; Desenhos de Uderzo, Albert ; Tradução de Eli Gomes
260 ## - PUBLICAÇÃO, DISTRIBUIÇÃO, ETC.
Local de publicação, distribuição, etc. Rio de Janeiro
Nome do editor, distribuidor, etc. Record
Data da publicação, distribuição, etc. 2002
300 ## - DESCRIÇÃO FÍSICA
Extensão 48 p.
Outros detalhes físicos il.
490 1# - TÍTULO DA SÉRIE
Título da série Asterix
Número do volume ou designação sequencial da série vol. 24
520 ## - NOTA DE RESUMO, ETC.
Resumo, etc. Abracourcix não se conforma com o fato de César achar os belgas o povo mais bravo da Gália e vai à Bélgica tirar satisfações.
650 #0 - ASSUNTO--TERMO TÓPICO
Cabeçalho tópico ou nome geográfico Literatura francesa
9 (RLIN) 122
650 #0 - ASSUNTO--TERMO TÓPICO
Cabeçalho tópico ou nome geográfico Infantojuvenil
9 (RLIN) 200
650 #0 - ASSUNTO--TERMO TÓPICO
Cabeçalho tópico ou nome geográfico Vikings
9 (RLIN) 626
650 #0 - ASSUNTO--TERMO TÓPICO
Cabeçalho tópico ou nome geográfico Aventura
9 (RLIN) 47
650 #0 - ASSUNTO--TERMO TÓPICO
Cabeçalho tópico ou nome geográfico Humor
9 (RLIN) 60
655 #0 - TERMO DE ÍNDICE--GÊNERO E FORMA
Gênero/forma/ou termo foco HQs
700 1# - ENTRADA ADICIONADA - NOME PESSOAL
Nome pessoal Uderzo, Albert
Datas associadas ao nome 1927-
Função do autor por extenso Desenhos
9 (RLIN) 627
700 ## - ENTRADA ADICIONADA - NOME PESSOAL
Nome pessoal Eli Gomes
Função do autor por extenso Tradução
9 (RLIN) 630
830 ## - ENTRADA SECUNDÁRIA DE SÉRIE--TÍTULO UNIFORME
Título uniforme Asterix
Número do volume ou designação sequencial da série vol. 24
9 (RLIN) 629
942 ## - ELEMENTOS DE ENTRADA ADICIONADOS (KOHA)
Fonte de classificação ou esquema de arquivamento Classificação decimal de Dewey
Ocultar no OPAC Não
Tipo de material Koha Livros
Holdings
Situação do descarte Situação das perdas Fonte de classificação ou esquema de arquivamento Materiais especificados (volume encadernado ou outra parte) Status danificado Não pode ser emprestado Coleção Biblioteca de origem Biblioteca atual Localização na estante Data de aquisição Fonte de aquisição Total de empréstimos Número de chamada completo Código de barras Data de último acesso Data do preço efetivo Tipo de material Koha
    Classificação decimal de Dewey vol. 24     HQs, Gibis e Mangás Biblioteca Professor Eduardo Afonso de Castro Biblioteca Professor Eduardo Afonso de Castro HQs, Gibis e Mangás 25.03.2025 doação   IJ 028.5 / G676a 2025-17267 25.03.2025 25.03.2025 Livros

Powered by Koha